Homenaje al gral. josé de san martín en el centenario de su fallecimiento /
Guardado en:
| Autor Principal: | |
|---|---|
| Formato: | Libro |
| Publicado: |
Córdoba :
,
1950
|
| Etiquetas: |
Agregar Etiqueta
Sin Etiquetas, Sea el primero en etiquetar este registro!
|
| LEADER | 00443nam a22001455a 4500 | ||
|---|---|---|---|
| 001 | CEM.cems001898 | ||
| 005 | 20060215000000.0 | ||
| 008 | 130507s1950##################000#0#####d | ||
| 003 | CEMS | ||
| 082 | 0 | 4 | |a 040 |
| 100 | 1 | |a Córdoba Universidad Nacional | |
| 245 | 1 | 0 | |a Homenaje al gral. josé de san martín en el centenario de su fallecimiento / |
| 260 | |a Córdoba : |b , |c 1950 | ||
| 300 | |a 103 p. | ||
| 859 | |a CEMS |b BIB. CEMS - 11 de abril |h 040 |i C812 |p 9810.81 |t Ej.1 | ||
